000 00664nam a2200253Ia 4500
003 OSt
005 20221007104651.0
006 a|||||r|||| 00| 0
007 ta
008 221006b |||||||| |||| 00| 0 eng d
020 _a0117007633
024 _a16,497
037 _cTextual
040 _aLCO
_cLCO
_beng
041 _2eng
_aeng
082 _aZ3,5, L5
100 _aH.M.S.O.
_9702719
245 0 _aCriminal Justice in Britain
260 _aLondon
_bHer majesty's Stationery Office U.K.
_c1975
300 _a55+2
650 _aCRIMINAL JUSTICE IN BRITAIN
_9706228
942 _hZ3,5, L5
_cTEXL
999 _c1186060
_d1186060